000 00641nam a2200217 a 4500
001 BRL_1452
005 20190320211219.0
008 150114s1981----it-o######---#000-0#ita-#
041 _aita
044 _ait
050 4 _aF1219.3.M4
_b.M37 1981
245 1 0 _aMaschere del Messico
_ctraduzione italiana di Annunziata Augieri Raimondi.
260 _a[Italia]
_bEdizioni di Comunità
_c1981
300 _a201 p.
_bil., fotografías (a color)
_c27 cm.
500 _aAu1739
504 _aBibliografía: p. 199
650 1 4 _aMáscaras
_zMéxico
_94284
700 1 _aAugieri Raimondi, Annunziata
_etr.
_926965
902 _aGRL
942 _2lcc
_cB
999 _c10262
_d10262